Boj s hierarchiou a cirkvou v rokoch 1841-1845

Bibliographic Details
Main Author: Horárik, Ján, 1808-1864 (Author)
Other Authors: Gašparík, M. (Translator), Dubnický, J. (Author of introduction, etc.)
Format: Book
Language:Slovak
German
PhysicalDescription:210 strán 25 cm
Published: Bratislava Vydavateľstvo Slovenskej akadémie vied 1953
ISBN:(viazané)
Subjects:

MARC

LEADER 00000cam a2200000 a 4500
001 vtls001265832
003 SK-MaSNL
005 20260301234553.0
008 240226s1953 xo grh 000 0bslo
015 |a SNBA1953 
020 |a (viazané) 
035 |a SNK000216766 
035 |a urn:nbn:sk:snk-am3ie2n 
035 |a urn:nbn:sk:snk-am00e6iw 
035 |a 9891B47C-D092-4D13-AF7A-140DF3F78B99 
040 |a SNK  |b slo  |c SNK  |e AACR2 
041 1 |a slo  |h ger 
043 |a e-hu--- 
044 |a xo  |c SK 
072 7 |a 271/279  |x Kresťanské cirkvi, sekty, denominácie  |2 konspekt 
072 7 |a 929  |x Biografie  |2 konspekt 
080 |a 929  |2 2001 
080 |a 2-184.35-051  |2 2001 
080 |a 274-726.6  |2 2001 
080 |a 27-9  |2 2001 
080 |a (092)  |2 2001 
080 |a "18"  |2 2001 
100 1 |a Horárik, Ján,  |d 1808-1864  |4 aut  |9 172484 
240 1 0 |a Kampf mit Hierarchie und Kirche in den Jahren 1841-1845  |l Slovensky 
245 1 0 |a Boj s hierarchiou a cirkvou v rokoch 1841-1845  |c Ján Horárik ; z nemeckého originálu Kampf mit Hierarchie und Kirche in den Jahren 1841-1845 ... preložil M. Gašparík ; úvodnú štúdiu napísal J. Dubnický 
260 |a Bratislava  |b Vydavateľstvo Slovenskej akadémie vied  |c 1953 
300 |a 210 strán  |c 25 cm 
366 |e 3000 kusov 
500 |a Preložené z nemčiny 
504 |a Obsahuje poznámky a vysvetlivky 
600 1 7 |a Horárik, Ján,  |d 1808-1864  |2 SNKMA  |9 172484 
648 7 |a 19. storočie  |2 SNKPH  |9 277854 
648 7 |a 19th century  |2 SNKPHeng  |9 306372 
650 0 7 |a náboženskí konvertiti  |2 SNKPH  |9 86519 
650 0 7 |a protestanti  |2 SNKPH  |9 4019 
650 0 7 |a cirkevné dejiny  |2 SNKPH  |9 3909 
650 0 7 |a Religious converts  |2 SNKPHeng  |9 175544 
650 0 7 |a kritika cirkvi  |2 SNKPH  |9 89866 
650 0 7 |a Protestants  |2 SNKPHeng  |9 413155 
650 0 7 |a Church history  |2 SNKPHeng  |9 266918 
655 7 |a autobiografie  |2 SNKPH  |9 70280 
655 7 |a Autobiography  |2 SNKPHeng  |9 283613 
700 1 |a Gašparík, M.  |4 trl  |9 561004 
700 1 |a Dubnický, J.  |4 aui  |9 630757 
710 2 |a Slovenská akadémia vied  |4 pbl  |9 125200 
852 |a Slovenská národná knižnica 
954 |a odborná, vedecká literatúra cudzojazyčná (svetová)  |2 lita 
958 |a OND 
958 |a BX 
958 |a OP 
958 |a EUIPO 
968 |b DT 
999 |c 970704  |d 972634 
952 |t P60, <04>, [BOOK], {604}  |a SNK  |b SNK  |y VYP  |7 0  |p 17A0493691  |o snkSC 5018 D1  |i snkD 273/69  |8 1  |0 0  |1 0  |4 0  |d 1996-11-11  |l 0  |r 2005-01-01 00:00:00  |w 2026-02-24 
952 |t P60, <03>, [BOOK], {603}  |a SNK  |b SNK  |y PREZ  |7 0  |p 17A0205964  |o snkSC 5018  |i snk197/54  |0 0  |1 0  |4 0  |d 1999-08-05  |f 1  |l 0  |r 2025-07-04 00:00:00  |w 2026-02-24